Anything but US States Quiz Stats

 Plays Quiz Updated Mar 17, 2016

Score 0/200 Timer 02:00
108 Plays Today
% Correct
???
42.6%
???
42.6%
???
42.5%
???
42.5%
???
42.5%
???
42.5%
???
42.5%
???
42.5%
???
42.5%
???
42.4%
???
42.5%
???
42.5%
???
42.4%
???
42.4%
???
42.5%
???
42.4%
???
42.4%
???
42.4%
???
42.4%
???
42.4%
???
42.4%
???
42.4%
???
42.4%
???
42.4%
???
42.4%
???
42.4%
???
42.4%
???
42.4%
???
42.4%
???
42.4%
???
42.4%
???
42.4%
???
42.4%
???
42.4%
???
42.4%
???
42.4%
???
42.4%
???
42.4%
???
42.4%
???
42.4%
???
42.4%
???
42.4%
???
42.4%
???
42.4%
???
42.4%
???
42.4%
???
42.4%
???
42.4%
???
42.4%
???
42.4%
???
42.4%
???
42.4%
???
42.4%
???
42.4%
???
42.4%
???
42.4%
???
42.3%
???
42.4%
???
42.3%
???
42.3%
???
42.4%
???
42.3%
???
42.4%
???
42.3%
???
42.3%
???
42.3%
???
42.3%
% Correct
???
42.3%
???
42.3%
???
42.3%
???
42.3%
???
42.3%
???
42.3%
???
42.3%
???
42.3%
???
42.3%
???
42.3%
???
42.3%
???
42.3%
???
42.3%
???
42.3%
???
42.3%
???
42.3%
???
42.3%
???
42.3%
???
42.3%
???
42.3%
???
42.3%
???
42.3%
???
42.3%
???
42.3%
???
42.3%
???
42.3%
???
42.3%
???
42.3%
???
42.3%
???
42.3%
???
42.3%
???
42.3%
???
42.3%
???
42.3%
???
42.3%
???
42.3%
???
42.3%
???
42.3%
???
42.3%
???
42.3%
???
42.3%
???
42.3%
???
42.3%
???
42.3%
???
42.3%
???
42.3%
???
42.3%
???
42.3%
???
42.2%
???
42.2%
???
42.2%
???
42.3%
???
42.2%
???
42.2%
???
42.2%
???
42.2%
???
42.2%
???
42.2%
???
42.2%
???
42.2%
???
42.2%
???
42.2%
???
42.2%
???
42.2%
???
42.2%
???
42.2%
???
42.2%
% Correct
???
42.2%
???
42.2%
???
42.2%
???
42.2%
???
42.2%
???
42.2%
???
42.2%
???
42.2%
???
42.2%
???
42.2%
???
42.2%
???
42.2%
???
42.2%
???
42.2%
???
42.2%
???
42.2%
???
42.2%
???
42.2%
???
42.2%
???
42.2%
???
42.2%
???
42.1%
???
42.2%
???
42.1%
???
42.1%
???
42.1%
???
42.1%
???
42.1%
???
42.1%
???
42.1%
???
42.1%
???
42.1%
???
42.1%
???
42.1%
???
42%
???
42%
???
42%
???
42%
???
42%
???
42%
???
42%
???
42%
???
42%
???
42%
???
42%
???
42%
???
42%
???
41.8%
???
41.8%
???
41.8%
???
41.8%
???
41.7%
???
41.5%
???
41.5%
???
41.5%
???
41.4%
???
40.8%
???
40.2%
???
39.8%
???
39.1%
???
38.3%
???
38.2%
???
37.9%
???
36.9%
???
35.6%
???
35.2%

You're not logged in!

Compare scores with friends on all Sporcle quizzes.
OR
Log In

You Might Also Like...

Show Comments

Extras

Top Quizzes Today


Score Distribution

Your Account Isn't Verified!

In order to create a playlist on Sporcle, you need to verify the email address you used during registration. Go to your Sporcle Settings to finish the process.

Report this User

Report this user for behavior that violates our Community Guidelines.

Details: